Argentina justa, argentina sin chagas /

Guardado en:
Formato: Libro
Publicado: Buenos Aires : Programa Nacional de Chagas, 2012
Edición:3
Materias:
Etiquetas: Agregar Etiqueta
Sin Etiquetas, Sea el primero en etiquetar este registro!
LEADER 00933nam a22002175a 4500
001 CEM.cems013933
005 20130527113254.0
008 130507s2012##################000#0#####d
003 CEMS
082 0 4 |a F614 
245 0 0 |a Argentina justa, argentina sin chagas /  |c Ministerio de Salud 
250 |a 3 
260 |a Buenos Aires :  |b Programa Nacional de Chagas,  |c 2012 
300 |a 26 p. 
500 |a Aporte del Programa Municipal de Chagas-mazza, Bahía Blanca.- 
505 0 |a El Chagas: Problemática compleja -- ¿Qué es el Chagas? -- Transmisión -- Fases -- Detección y Tratamiento -- tener Chagas -- Medidas de prevención -- Control químico de la vivienda -- Acciones conjuntas -- El Chagas en Argentina -- Antecedentes históricos -- Programa nacional de Chagas 
653 |a Sanidad 
653 |a Enfermedad de chagas 
653 |a Enfermedades 
653 |a Argentina 
859 |a CEMS  |b BIB. CEMS - 11 de abril  |h F614  |i 3  |p 2787.44  |t Ej.1